| 000 | 00493nam a2200193Ia 4500 | ||
|---|---|---|---|
| 005 | 20250603145438.0 | ||
| 008 | 250603s9999 xx 000 0 und d | ||
| 020 | _a9781593702694 | ||
| 050 | _aTN 870.5 .H96/ | ||
| 100 | _aHyne, Norman J. | ||
| 245 | 0 | _aNontechnical guide to petroleum geology, exploration, drilling and production | |
| 250 | _a3th ed. | ||
| 260 | _aUnited state | ||
| 260 | _bPennwell | ||
| 260 | _c2012 | ||
| 300 | _a698 p | ||
| 650 | _aUnited state | ||
| 942 | _cBK | ||
| 999 |
_c41880 _d41880 |
||